| 000 | 00499nam a2200169Ia 4500 | ||
|---|---|---|---|
| 999 |
_c26955 _d26955 |
||
| 003 | OSt | ||
| 005 | 20211030102450.0 | ||
| 008 | 190216s9999||||xx |||||||||||||| ||und|| | ||
| 040 | _coclc | ||
| 082 |
_a894.812 _bNAM/M |
||
| 100 |
_aNamboodiri, A P P _96703 |
||
| 245 | 0 |
_aMundasseri Anusmaranangalum Padanangalum / _cA P P Namboodiri |
|
| 260 |
_bPoorna Publication, _aKozhikode: |
||
| 300 | _a181p | ||
| 650 | _aPadanam | ||
| 942 |
_cBK _2ddc _h894.812 _iNAM/M _k894.812 _mNAM/M |
||